Science for You (Record no. 4569)

MARC details
000 -LEADER
fixed length control field 00228nam a22000857a 4500
008 - FIXED-LENGTH DATA ELEMENTS--GENERAL INFORMATION
fixed length control field 161206b xxu||||| |||| 00| 0 eng d
100 ## - MAIN ENTRY--PERSONAL NAME
9 (RLIN) 1828
Personal name Theotia. N. P. S
245 ## - TITLE STATEMENT
Title Science for You
260 ## - PUBLICATION, DISTRIBUTION, ETC. (IMPRINT)
Place of publication, distribution, etc. New delhi
Name of publisher, distributor, etc. Asian publication
Date of publication, distribution, etc. 2007
Holdings
Withdrawn status Lost status Source of classification or shelving scheme Damaged status Koha normalized classification for sorting Not for loan Home library Current library Shelving location Date acquired Total Checkouts Full call number Barcode Date last seen Price effective from Koha item type
    Dewey Decimal Classification   500_000000000000000   Good Samaritan School Library Good Samaritan School Library Science 12/06/2016   500 TEO4379 12/06/2016 12/06/2016 BOOK

Powered by Koha